| 000 | 00930nam a2200289 a 4500 | ||
|---|---|---|---|
| 001 | ASIN2940396124 | ||
| 005 | 20170105102930.0 | ||
| 008 | 140217s2011 xxu eng d | ||
| 020 | _a2940396124 (hardcover) | ||
| 020 | _a9782940396122 (hardcover) | ||
| 040 | _a0 | ||
| 050 | 0 | 4 | _aKZ6471 |
| 082 | 0 | 4 |
_a341.6 _bSAS 2011 |
| 100 | 1 | _aSassoli, Marco. | |
| 245 | 1 | 0 |
_aHow does law protect in war? -. _nVolume 3 / _cMarco Sassoli, Antoine A. Bouvier, Anne Quintin. |
| 250 | _a3rd ed. | ||
| 260 |
_a[S.l.] : _bICRC, _c2011. |
||
| 300 | _a1 v. (unpaged) | ||
| 650 | 0 | _aCombatants and noncombatants (International law) | |
| 650 | 0 | _aHumanitarian law | |
| 650 | 0 | _aWar (International law) | |
| 650 | 0 | _aWar victims--Legal status, laws, etc | |
| 700 | 1 | _aBouvier, Antoine A. | |
| 700 | 1 | _aQuintin, Anne. | |
| 856 | 4 | 0 |
_3Amazon.com _uhttp://www.amazon.com/exec/obidos/ASIN/2940396124/chopaconline-20 |
| 942 |
_2ddc _cREF |
||
| 999 |
_c16035 _d16035 |
||